| 000 | 00447nam a2200157 4500 | ||
|---|---|---|---|
| 001 | 132829 | ||
| 003 | ES-MaACL | ||
| 005 | 20230906194247.0 | ||
| 007 | t| | ||
| 008 | 070214n19501959es r ||||1| spa d | ||
| 100 | 1 |
_aRosales, José Damián. _999642 |
|
| 245 | 1 | 0 |
_aDe mi trigal dorado _b: (versos) / _cJosé Damián Rosales. |
| 260 |
_aSan Salvador : _b[s. n.], _c[195_?] |
||
| 300 |
_a141 p. ; _c18 cm. |
||
| 852 |
_aES-MaACL _jC-13935 _bR.41949 |
||
| 999 |
_c132829 _d132829 |
||